[Event "AUT-ch U12 Girls"]
[Site "St Veit"]
[Date "2016.05.15"]
[Round "4"]
[White "Katter, Katharina"]
[Black "Busta, Emilia"]
[Result "1-0"]
[WhiteElo "1380"]
[BlackElo "872"]
[PlyCount "69"]
[EventDate "2016.05.14"]
[EventType "swiss"]
[EventRounds "7"]
[EventCountry "AUT"]
[SourceTitle "CBM 172 Extra"]
[Source "ChessBase"]
[SourceDate "2016.06.21"]
[SourceVersion "1"]
[SourceVersionDate "2016.06.21"]
[SourceQuality "1"]

1. e4 g6 2. d4 Bg7 3. Nf3 Nf6 4. e5 Ng8 5. Nc3 d6 6. exd6 cxd6 7. Bc4 Nf6 8. Bg5 0-0 9. Qd2 Bf5 10. 0-0-0 h6 11. Bxh6 Qa5 12. Nh4 Ne4 13. Nxe4 Qxd2+ 14. Bxd2 Bxe4 15. f3 d5 16. Bb3 Bf5 17. Nxf5 gxf5 18. Bxd5 Nc6 19. Bxc6 bxc6 20. c3 Rac8 21. Rhe1 e6 22. Bf4 Rfe8 23. Be5 c5 24. Bxg7 Kxg7 25. dxc5 Rxc5 26. Rd7 a5 27. Kc2 Kf6 28. f4 Re7 29. Rxe7 Kxe7 30. Re5 Rxe5 31. fxe5 Kd7 32. Kd3 Kc6 33. h4 f4 34. h5 Kb5 35. h6 1-0